[Event "Regionalliga Sued-Ost 1819"]
[Site "Bayern"]
[Date "2018.10.21"]
[Round "1.1"]
[White "Manakov, Ilya"]
[Black "Schaefer, Matthias"]
[Result "1/2-1/2"]
[WhiteElo "2304"]
[BlackElo "2258"]
[PlyCount "104"]
[EventDate "2018.10.21"]
[EventType "team-tourn"]
[EventRounds "9"]
[EventCountry "GER"]
[SourceTitle "EXT 2022"]
[Source "ChessBase"]
[SourceDate "2021.10.06"]
[SourceVersion "1"]
[SourceVersionDate "2021.10.06"]
[SourceQuality "1"]
[WhiteTeam "Tegernsee TV"]
[BlackTeam "Starnberg SC"]
[WhiteTeamCountry "GER"]
[BlackTeamCountry "GER"]

1. Nf3 d5 2. g3 Bg4 3. Bg2 Nd7 4. 0-0 c6 5. d3 Ngf6 6. Nbd2 e5 7. e4 dxe4 8. dxe4 Bc5 9. Qe2 0-0 10. h3 Bh5 11. Nb3 Bb6 12. a4 a5 13. Be3 Re8 14. Rfd1 Qe7 15. Bxb6 Nxb6 16. c3 Nfd7 17. Qc2 f6 18. Nbd2 Nc5 19. Bf1 Bf7 20. Ne1 Red8 21. Nd3 Nxd3 22. Bxd3 Rd7 23. Be2 Be6 24. Nf1 Rad8 25. Ne3 g6 26. Rxd7 Rxd7 27. Rd1 Rxd1+ 28. Qxd1 Kg7 29. h4 Qd7 30. Qxd7+ Bxd7 31. Bd1 c5 32. b3 c4 33. Nxc4 Nxc4 34. bxc4 b6 35. f3 Kf8 36. Kf2 Ke7 37. Ke3 Kd6 38. Kd3 Kc5 39. Bb3 h5 40. Bc2 Bh3 41. Bb3 Bf1+ 42. Kd2 Bxc4 43. Bd1 b5 44. axb5 Kxb5 45. Kc1 Bf1 46. Bb3 Be2 47. Bf7 Bxf3 48. Bxg6 Bg4 49. Kc2 Kc5 50. Kb2 Kc4 51. Kc2 Bf3 52. Bf7+ Kc5 1/2-1/2

[Event "AUT-chT2W 1819"]
[Site "Austria"]
[Date "2018.10.14"]
[Round "3.2"]
[White "Manakov, Ilya"]
[Black "Burschowsky, Matthias"]
[Result "1/2-1/2"]
[WhiteElo "2361"]
[BlackElo "2227"]
[PlyCount "85"]
[EventDate "2018.10.12"]
[EventType "team-tourn"]
[EventRounds "11"]
[EventCountry "AUT"]
[SourceTitle "CBM 186 Extra"]
[Source "ChessBase"]
[SourceDate "2018.08.24"]
[SourceVersion "1"]
[SourceVersionDate "2018.08.24"]
[SourceQuality "1"]
[WhiteTeam "Neumarkt"]
[BlackTeam "Salzburg ASK"]
[WhiteTeamCountry "AUT"]
[BlackTeamCountry "AUT"]

1. e4 c5 2. Nf3 g6 3. c3 Bg7 4. d4 cxd4 5. cxd4 d5 6. e5 Bg4 7. Bb5+ Nd7 8. 0-0 e6 9. Nbd2 Ne7 10. h3 Bxf3 11. Nxf3 0-0 12. Bg5 h6 13. Bxe7 Qxe7 14. Qd2 Rfc8 15. Rac1 a6 16. Bxd7 Qxd7 17. Rxc8+ Rxc8 18. Rc1 Rc6 19. Rxc6 Qxc6 20. g4 Bf8 21. Kg2 Kg7 22. Ng1 Qc4 23. b3 Qb5 24. f4 Bb4 25. Qc2 Qa5 26. Nf3 Qd8 27. h4 Qd7 28. Qd3 Qc8 29. Kg3 Qc1 30. Qe2 Bc3 31. Qd3 Be1+ 32. Nxe1 Qxe1+ 33. Kh3 Qf2 34. h5 Qxf4 35. hxg6 fxg6 36. Qc3 h5 37. gxh5 gxh5 38. Qc8 h4 39. Qd7+ Kf8 40. Qd8+ Kf7 41. Qd7+ Kf8 42. Qd8+ Kf7 43. Qc7+ 1/2-1/2

[Event "Regionalliga Sued-Ost 1718"]
[Site "Bayern"]
[Date "2018.03.18"]
[Round "8.1"]
[White "Deues, Erik"]
[Black "Manakov, Ilya"]
[Result "0-1"]
[WhiteElo "1955"]
[BlackElo "2318"]
[PlyCount "58"]
[EventDate "2017.10.22"]
[EventType "team-tourn"]
[EventRounds "9"]
[EventCountry "GER"]
[SourceTitle "EXT 2022"]
[Source "ChessBase"]
[SourceDate "2021.10.06"]
[SourceVersion "1"]
[SourceVersionDate "2021.10.06"]
[SourceQuality "1"]
[WhiteTeam "Germering"]
[BlackTeam "Tegernsee TV"]
[WhiteTeamCountry "GER"]
[BlackTeamCountry "GER"]

1. d4 d6 2. c4 f5 3. Nc3 Nf6 4. g3 g6 5. Bg2 Bg7 6. Nf3 0-0 7. 0-0 Nc6 8. d5 Na5 9. Qd3 e5 10. dxe6 Bxe6 11. Nd2 Nc6 12. Nd5 Qd7 13. Nf3 Ne4 14. Ng5 Ne5 15. Qc2 Nxg5 16. Bxg5 c6 17. f4 Ng4 18. h3 cxd5 19. hxg4 dxc4 20. gxf5 gxf5 21. Rad1 d5 22. e4 d4 23. exf5 Rxf5 24. Be4 h6 25. g4 Rxg5 26. fxg5 d3 27. Qh2 Qd4+ 28. Qf2 Qxe4 29. Rc1 Qxg4+ 0-1

[Event "AUT-chT2W 1718"]
[Site "Austria"]
[Date "2018.03.10"]
[Round "10.2"]
[White "Paltrinieri, Nicholas"]
[Black "Manakov, Ilya"]
[Result "0-1"]
[WhiteElo "2300"]
[BlackElo "2376"]
[PlyCount "108"]
[EventDate "2017.10.13"]
[EventType "team-tourn"]
[EventRounds "11"]
[EventCountry "AUT"]
[SourceTitle "EXT 2019"]
[Source "ChessBase"]
[SourceDate "2018.10.10"]
[SourceVersion "1"]
[SourceVersionDate "2018.10.10"]
[SourceQuality "1"]
[WhiteTeam "Rochade Rum"]
[BlackTeam "Neumarkt"]
[WhiteTeamCountry "AUT"]
[BlackTeamCountry "AUT"]

1. d4 Nf6 2. Bg5 d5 3. Bxf6 exf6 4. e3 Bd6 5. g3 c6 6. Bg2 0-0 7. Ne2 f5 8. Qd3 Be6 9. 0-0 Nd7 10. b3 Nf6 11. c4 g6 12. Nbc3 a6 13. c5 Bc7 14. b4 Qe7 15. a4 Ne4 16. Rfb1 h5 17. b5 h4 18. bxc6 bxc6 19. a5 hxg3 20. hxg3 Nxc3 21. Qxc3 Rfb8 22. Nf4 Rb5 23. Bf1 Bxa5 24. Qxa5 Rxa5 25. Rxa5 g5 26. Nd3 f4 27. exf4 Bf5 28. fxg5 Qxg5 29. Rba1 Bxd3 30. Bxd3 Qd2 31. Bxa6 Qxd4 32. R1a4 Qd1+ 33. Kg2 Rb8 34. Ra1 Rb1 35. Rxb1 Qxb1 36. Bc8 Qe4+ 37. Kh2 Qb4 38. Ra2 Qxc5 39. Bf5 Qd4 40. Kg2 Kg7 41. Rc2 c5 42. Kf3 c4 43. g4 Kf6 44. Ke2 Ke5 45. Kf3 Qf4+ 46. Ke2 Kd4 47. Ra2 Kc3 48. Ra3+ Kb4 49. Ra2 d4 50. Rd2 Kb3 51. Ke1 d3 52. Bxd3 Kc3 53. Ra2 Qc1+ 54. Ke2 cxd3+ 0-1

[Event "AUT-chT2W 1718"]
[Site "Austria"]
[Date "2018.03.09"]
[Round "9.5"]
[White "Manakov, Ilya"]
[Black "Bezler, Rainer"]
[Result "1-0"]
[WhiteElo "2376"]
[BlackElo "2197"]
[PlyCount "53"]
[EventDate "2017.10.13"]
[EventType "team-tourn"]
[EventRounds "11"]
[EventCountry "AUT"]
[SourceTitle "EXT 2019"]
[Source "ChessBase"]
[SourceDate "2018.10.10"]
[SourceVersion "1"]
[SourceVersionDate "2018.10.10"]
[SourceQuality "1"]
[WhiteTeam "Neumarkt"]
[BlackTeam "Bregenz"]
[WhiteTeamCountry "AUT"]
[BlackTeamCountry "AUT"]

1. Nf3 Nf6 2. g3 d5 3. Bg2 c5 4. 0-0 Nc6 5. d4 e6 6. b3 cxd4 7. Nxd4 Bc5 8. Nxc6 bxc6 9. c4 0-0 10. cxd5 cxd5 11. Bb2 Ba6 12. Nc3 Qe7 13. a3 Bd6 14. Qd2 Rab8 15. b4 Rfd8 16. Rfd1 Bc4 17. e4 dxe4 18. Nxe4 Nxe4 19. Qd4 Qf6 20. Bxe4 Qxd4 21. Bxd4 a6 22. Ba7 Rbc8 23. Bb7 Rc7 24. Bb6 Rxb7 25. Bxd8 Bd5 26. Rac1 h6 27. Rd2 1-0

[Event "AUT-chT2W 1718"]
[Site "Austria"]
[Date "2018.01.13"]
[Round "7.3"]
[White "Leutwyler, Martin"]
[Black "Manakov, Ilya"]
[Result "1/2-1/2"]
[WhiteElo "2200"]
[BlackElo "2376"]
[PlyCount "81"]
[EventDate "2017.10.13"]
[EventType "team-tourn"]
[EventRounds "11"]
[EventCountry "AUT"]
[SourceTitle "EXT 2019"]
[Source "ChessBase"]
[SourceDate "2018.10.10"]
[SourceVersion "1"]
[SourceVersionDate "2018.10.10"]
[SourceQuality "1"]
[WhiteTeam "Dornbirn"]
[BlackTeam "Neumarkt"]
[WhiteTeamCountry "AUT"]
[BlackTeamCountry "AUT"]

1. d4 Nf6 2. c4 g6 3. Nc3 Bg7 4. e4 d6 5. Nf3 0-0 6. h3 e5 7. d5 a5 8. g4 Na6 9. Be3 Nd7 10. a3 Nac5 11. Rg1 a4 12. Nd2 c6 13. Qc2 b6 14. 0-0-0 Ba6 15. Kb1 cxd5 16. cxd5 Bxf1 17. Rdxf1 Qb8 18. Na2 Rc8 19. Nb4 Qb7 20. Qd1 Bf8 21. Qe2 b5 22. Rc1 Nb8 23. f3 Nba6 24. Ka2 Nxb4+ 25. axb4 Nb3 26. Nxb3 axb3+ 27. Kxb3 Rxc1 28. Rxc1 Qa6 29. Rc6 Qa4+ 30. Kc3 Be7 31. Qc2 Qa1 32. Bh6 Bh4 33. Kd3 Qf1+ 34. Ke3 Qe1+ 35. Kd3 Qf1+ 36. Qe2 Qb1+ 37. Qc2 Qf1+ 38. Qe2 Qb1+ 39. Qc2 Qf1+ 40. Qe2 Qb1+ 41. Qc2 1/2-1/2

[Event "AUT-chT2W 1718"]
[Site "Austria"]
[Date "2018.01.12"]
[Round "6.3"]
[White "Manakov, Ilya"]
[Black "De Visser, Leon"]
[Result "0-1"]
[WhiteElo "2376"]
[BlackElo "2199"]
[PlyCount "86"]
[EventDate "2017.10.13"]
[EventType "team-tourn"]
[EventRounds "11"]
[EventCountry "AUT"]
[SourceTitle "EXT 2019"]
[Source "ChessBase"]
[SourceDate "2018.10.10"]
[SourceVersion "1"]
[SourceVersionDate "2018.10.10"]
[SourceQuality "1"]
[WhiteTeam "Neumarkt"]
[BlackTeam "Goetzis II"]
[WhiteTeamCountry "AUT"]
[BlackTeamCountry "AUT"]

1. d4 d5 2. c4 c6 3. cxd5 cxd5 4. Nc3 Nf6 5. Bf4 Nc6 6. e3 a6 7. Bd3 Bg4 8. Nge2 e6 9. Qb3 Bxe2 10. Bxe2 Na5 11. Qc2 Bd6 12. Bg5 0-0 13. 0-0 Rc8 14. Rac1 Be7 15. Bd3 h6 16. Bh4 Nc4 17. Qe2 b5 18. Nb1 Qa5 19. a3 Rc7 20. b3 Nd6 21. f3 Rfc8 22. Qb2 Nh5 23. Bf2 f5 24. Nd2 Rc3 25. Bb1 Nf6 26. Nc4 R3xc4 27. bxc4 Nxc4 28. Qe2 Bxa3 29. Rcd1 Nb2 30. Rd2 Na4 31. Rd3 Nc3 32. Qd2 b4 33. Bc2 Qb5 34. h3 Qc4 35. Be1 Nfe4 36. fxe4 Nxe4 37. Bb3 Nxd2 38. Bxc4 Nxc4 39. g4 fxg4 40. hxg4 a5 41. Bh4 Rb8 42. Rb1 a4 43. Be1 Bb2 0-1

[Event "Regionalliga SO 1617"]
[Site "Bayern"]
[Date "2017.03.19"]
[Round "7.1"]
[White "Schmaus, Horst"]
[Black "Manakov, Ilya"]
[Result "0-1"]
[WhiteElo "2055"]
[BlackElo "2347"]
[PlyCount "88"]
[EventDate "2016.10.16"]
[EventType "team-tourn"]
[EventRounds "9"]
[EventCountry "GER"]
[SourceTitle "EXT 2019"]
[Source "ChessBase"]
[SourceDate "2018.10.10"]
[SourceVersion "1"]
[SourceVersionDate "2018.10.10"]
[SourceQuality "1"]
[WhiteTeam "Landshut"]
[BlackTeam "Tegernsee"]
[WhiteTeamCountry "GER"]
[BlackTeamCountry "GER"]

1. e4 c5 2. Nf3 d6 3. d4 cxd4 4. Nxd4 Nf6 5. Nc3 a6 6. f4 e6 7. Qf3 Qb6 8. Nb3 Qc7 9. Be3 b5 10. Bd3 Bb7 11. 0-0-0 Nbd7 12. a3 Be7 13. g4 Nc5 14. f5 Nxb3+ 15. cxb3 d5 16. Kb1 dxe4 17. Nxe4 Qc6 18. Nxf6+ Bxf6 19. Qxc6+ Bxc6 20. Rhf1 0-0-0 21. fxe6 Rxd3 22. Rxd3 Be4 23. Rfd1 Rd8 24. Kc2 fxe6 25. Bb6 Rd5 26. Ba5 Kd7 27. Bc3 Ke7 28. h4 h6 29. a4 g6 30. Be1 h5 31. g5 Be5 32. Bf2 Kd6 33. axb5 axb5 34. b4 Bxd3+ 35. Rxd3 Rxd3 36. Kxd3 Kd5 37. b3 Bf4 38. Ke2 Ke4 39. Be1 Kf5 40. Kd3 Be5 41. Ke3 Ba1 42. Bf2 e5 43. Kd3 Kf4 44. Bc5 Kf3 0-1

[Event "Regionalliga SO 1516"]
[Site "Bayern"]
[Date "2016.02.21"]
[Round "7.2"]
[White "Gesing, Oliver"]
[Black "Manakov, Ilya"]
[Result "0-1"]
[WhiteElo "2104"]
[BlackElo "2347"]
[PlyCount "100"]
[EventDate "2015.10.11"]
[EventType "team-tourn"]
[EventRounds "9"]
[EventCountry "GER"]
[SourceTitle "EXT 2018"]
[Source "ChessBase"]
[SourceDate "2017.10.13"]
[SourceVersion "1"]
[SourceVersionDate "2017.10.13"]
[SourceQuality "1"]
[WhiteTeam "Graefelfing"]
[BlackTeam "Tegernsee"]
[WhiteTeamCountry "GER"]
[BlackTeamCountry "GER"]

1. e4 c5 2. Nc3 Nc6 3. g3 g6 4. Bg2 Bg7 5. d3 d6 6. f4 e6 7. Nf3 Nge7 8. 0-0 0-0 9. Be3 b6 10. d4 Ba6 11. Re1 Rc8 12. dxc5 dxc5 13. e5 Nf5 14. Bf2 Qc7 15. Ne4 Rfd8 16. Nfd2 Nb4 17. g4 Ne7 18. Nd6 Rxd6 19. exd6 Qxd6 20. c3 Nd3 21. Ne4 Qc7 22. Re3 Nxf2 23. Nxf2 Qxf4 24. Rh3 Qc7 25. Qa4 Be2 26. Qe4 Bb5 27. g5 Bc6 28. Qh4 Bxg2 29. Qxh7+ Kf8 30. Kxg2 Nf5 31. Rf3 Qc6 32. Qh3 Ke7 33. Kg1 Rd8 34. Rd3 Rxd3 35. Qxd3 Nd6 36. Rd1 c4 37. Qg3 Qc5 38. Qf3 Qxg5+ 39. Kh1 Qf5 40. Qe3 Qe5 41. Qf3 Qf5 42. Qe3 Be5 43. Re1 f6 44. Nh3 Qc2 45. Re2 Qd1+ 46. Re1 Qh5 47. Nf4 Qg4 48. Rf1 Kd7 49. Rf2 Qf5 50. Rf1 g5 0-1

[Event "Bayern-chI Bank Hofmann 19th"]
[Site "Bad Wiessee"]
[Date "2015.11.08"]
[Round "9"]
[White "Schatz, Dieter"]
[Black "Manakov, Ilya"]
[Result "0-1"]
[WhiteElo "2145"]
[BlackElo "2344"]
[PlyCount "118"]
[EventDate "2015.10.31"]
[EventType "swiss"]
[EventRounds "9"]
[EventCountry "GER"]
[SourceTitle "CBM 169 Extra"]
[Source "ChessBase"]
[SourceDate "2015.12.18"]
[SourceVersion "1"]
[SourceVersionDate "2015.12.18"]
[SourceQuality "1"]

1. e4 c5 2. Nf3 d6 3. Bb5+ Nd7 4. 0-0 Ngf6 5. Re1 a6 6. Bxd7+ Nxd7 7. d4 cxd4 8. Qxd4 e5 9. Qd1 h6 10. Nc3 Nf6 11. h3 Be7 12. Be3 Be6 13. a4 Rc8 14. Nd5 Bxd5 15. exd5 Qa5 16. Bd2 Qxd5 17. Bc3 0-0 18. Qe2 Rfe8 19. Nd2 Qc6 20. Nb3 Nd5 21. Bd2 Qxc2 22. Qf3 Nf6 23. Rac1 Qxb2 24. Rxc8 Rxc8 25. Qxb7 Rc2 26. Qxe7 Qxb3 27. Qxd6 Qd5 28. Qb8+ Kh7 29. Be3 Rc4 30. Qb3 Rc1 31. Qb4 Rxe1+ 32. Qxe1 Qd3 33. Qa1 Qe4 34. a5 Nd5 35. Bb6 Nf4 36. Qf1 f5 37. f3 Qc2 38. Qf2 Qxf2+ 39. Kxf2 Kg6 40. h4 h5 41. g3 Nd5 42. Ke2 e4 43. Bd4 Kf7 44. Bf2 Ke6 45. Bd4 g6 46. fxe4 fxe4 47. Kf2 Kf5 48. Ke2 Kg4 49. Be5 Ne7 50. Ke3 Nf5+ 51. Kxe4 Nxg3+ 52. Kd5 Kxh4 53. Kc6 Kg4 54. Bd4 Ne2 55. Be5 Nc1 56. Kb6 Nb3 57. Kxa6 g5 58. Kb5 Nxa5 59. Kxa5 Kf3 0-1

[Event "Bayern-chI Bank Hofmann 19th"]
[Site "Bad Wiessee"]
[Date "2015.11.01"]
[Round "3"]
[White "Gruettner, Ralf"]
[Black "Manakov, Ilya"]
[Result "0-1"]
[WhiteElo "2065"]
[BlackElo "2344"]
[PlyCount "72"]
[EventDate "2015.10.31"]
[EventType "swiss"]
[EventRounds "9"]
[EventCountry "GER"]
[SourceTitle "EXT 2017"]
[Source "ChessBase"]
[SourceDate "2016.10.25"]
[SourceVersion "1"]
[SourceVersionDate "2016.10.25"]
[SourceQuality "1"]

1. e4 g6 2. d4 Bg7 3. c4 d6 4. Nc3 Nf6 5. Nf3 0-0 6. Be2 Nbd7 7. 0-0 e5 8. dxe5 dxe5 9. Qc2 c6 10. a3 Re8 11. b4 Nf8 12. Bb2 Ne6 13. Rfd1 Nd7 14. Bf1 Qe7 15. Ne2 b6 16. Rac1 Bb7 17. Nc3 Nd4 18. Nxd4 exd4 19. Ne2 c5 20. bxc5 Bxe4 21. Qd2 bxc5 22. Ng3 Bc6 23. Bd3 Qd6 24. Re1 f5 25. Qg5 Ne5 26. Rxe5 Rxe5 27. Rf1 Rae8 28. h4 Be4 29. f4 R5e7 30. Bxe4 fxe4 31. f5 Rf7 32. h5 gxh5 33. Nxh5 Qh6 34. Qg4 Kh8 35. Nf4 Be5 36. Ne6 Rxe6 0-1

[Event "Regionalliga SO 1516"]
[Site "Bayern"]
[Date "2015.10.11"]
[Round "1.2"]
[White "Manakov, Ilya"]
[Black "Jergler, Karl Heinz"]
[Result "1-0"]
[WhiteElo "2347"]
[BlackElo "2103"]
[PlyCount "43"]
[EventDate "2015.10.11"]
[EventType "team-tourn"]
[EventRounds "9"]
[EventCountry "GER"]
[SourceTitle "EXT 2018"]
[Source "ChessBase"]
[SourceDate "2017.10.13"]
[SourceVersion "1"]
[SourceVersionDate "2017.10.13"]
[SourceQuality "1"]
[WhiteTeam "Tegernsee"]
[BlackTeam "Waldkraiburg"]
[WhiteTeamCountry "GER"]
[BlackTeamCountry "GER"]

1. d4 Nf6 2. Bf4 d5 3. e3 g6 4. Nf3 Bg7 5. Be2 0-0 6. 0-0 c5 7. c3 Nbd7 8. Nbd2 Nh5 9. Bg5 h6 10. Bh4 Bf6 11. Qc2 e6 12. Bxf6 Nhxf6 13. Ne5 Qe7 14. f4 Kg7 15. Rf3 Rg8 16. Raf1 b6 17. Rg3 Bb7 18. Bd3 Nf8 19. f5 c4 20. fxg6 cxd3 21. gxf7+ Kh8 22. fxg8Q+ 1-0

[Event "Bayern-ch"]
[Site "Rosenheim"]
[Date "2015.08.26"]
[Round "7"]
[White "Manakov, Ilya"]
[Black "Miller, Eduard"]
[Result "1/2-1/2"]
[WhiteElo "2340"]
[BlackElo "2207"]
[PlyCount "49"]
[EventDate "2015.08.22"]
[EventType "swiss"]
[EventRounds "9"]
[EventCountry "GER"]
[SourceTitle "EXT 2019"]
[Source "ChessBase"]
[SourceDate "2018.10.10"]
[SourceVersion "1"]
[SourceVersionDate "2018.10.10"]
[SourceQuality "1"]

1. e4 c5 2. Nf3 Nc6 3. Bb5 Nf6 4. Bxc6 dxc6 5. Nc3 Bg4 6. d3 Qc7 7. h3 Bxf3 8. Qxf3 e5 9. Bg5 Nd7 10. 0-0 f6 11. Be3 Bd6 12. Ne2 Nf8 13. Qf5 Qe7 14. f4 Ne6 15. Qh5+ Qf7 16. Qxf7+ Kxf7 17. f5 Nd4 18. Nxd4 cxd4 19. a4 g5 20. fxg6+ hxg6 21. Rf3 Ke6 22. g4 c5 23. b3 b6 24. Kg2 a6 25. c4 1/2-1/2

[Event "Bayern-ch"]
[Site "Rosenheim"]
[Date "2015.08.23"]
[Round "2"]
[White "Schelle, Artur"]
[Black "Manakov, Ilya"]
[Result "1/2-1/2"]
[WhiteElo "2204"]
[BlackElo "2340"]
[PlyCount "82"]
[EventDate "2015.08.22"]
[EventType "swiss"]
[EventRounds "9"]
[EventCountry "GER"]
[SourceTitle "EXT 2019"]
[Source "ChessBase"]
[SourceDate "2018.10.10"]
[SourceVersion "1"]
[SourceVersionDate "2018.10.10"]
[SourceQuality "1"]

1. e4 c5 2. Nc3 d6 3. f4 g6 4. Nf3 Bg7 5. Bb5+ Bd7 6. Bc4 Nc6 7. 0-0 Na5 8. Be2 Nf6 9. d3 0-0 10. Qe1 Nc6 11. Qh4 Nd4 12. Bd1 Bg4 13. Nxd4 cxd4 14. Ne2 Bxe2 15. Bxe2 e6 16. Kh1 Rc8 17. Bd1 Nd7 18. Qe1 Qe7 19. Bd2 f5 20. Bb4 Nc5 21. exf5 gxf5 22. Bf3 Qf6 23. Qe2 b6 24. c4 Kh8 25. Rae1 Rce8 26. Ba3 a5 27. b4 axb4 28. Bxb4 Qd8 29. Bxc5 dxc5 30. Bc6 Re7 31. g4 Qd6 32. Bg2 Rfe8 33. Qf3 fxg4 34. Qxg4 Rf8 35. Be4 Rf6 36. Rf3 Ref7 37. Ref1 Bh6 38. f5 exf5 39. Rxf5 Rxf5 40. Rxf5 Rxf5 41. Qxf5 Qe7 1/2-1/2

[Event "Bayern-ch"]
[Site "Rosenheim"]
[Date "2015.08.22"]
[Round "1"]
[White "Manakov, Ilya"]
[Black "Schlichtmann, Robin"]
[Result "1-0"]
[WhiteElo "2340"]
[BlackElo "2162"]
[PlyCount "41"]
[EventDate "2015.08.22"]
[EventType "swiss"]
[EventRounds "9"]
[EventCountry "GER"]
[SourceTitle "EXT 2019"]
[Source "ChessBase"]
[SourceDate "2018.10.10"]
[SourceVersion "1"]
[SourceVersionDate "2018.10.10"]
[SourceQuality "1"]

1. d4 Nf6 2. Bf4 g6 3. e3 Bg7 4. Nf3 d6 5. h3 Nfd7 6. Be2 e5 7. Bh2 0-0 8. 0-0 Nc6 9. c4 exd4 10. exd4 Qf6 11. Nc3 Nxd4 12. Nxd4 Qxd4 13. Nb5 Qb6 14. b4 Bxa1 15. Qxa1 a6 16. c5 Qc6 17. Nd4 Qa4 18. cxd6 cxd6 19. Bxd6 Re8 20. Bd1 Qa3 21. Bb3 1-0

[Event "Bayern-chI Bank Hofmann 18th"]
[Site "Bad Wiessee"]
[Date "2014.10.29"]
[Round "6"]
[White "Manakov, Ilya"]
[Black "Schoenberger, Peter"]
[Result "1-0"]
[WhiteElo "2338"]
[BlackElo "2135"]
[PlyCount "139"]
[EventDate "2014.10.25"]
[EventType "swiss"]
[EventRounds "9"]
[EventCountry "GER"]
[SourceTitle "EXT 2015"]
[Source "ChessBase"]
[SourceDate "2014.11.20"]
[SourceVersion "1"]
[SourceVersionDate "2014.11.20"]
[SourceQuality "1"]

1. Nf3 Nf6 2. g3 g6 3. b3 Bg7 4. Bb2 0-0 5. Bg2 d6 6. d4 Nc6 7. d5 Nb8 8. 0-0 a5 9. Nd4 e5 10. dxe6 fxe6 11. e4 e5 12. Nb5 Kh8 13. c4 Na6 14. N1c3 Ne8 15. Ba3 Nb4 16. c5 Be6 17. cxd6 c6 18. Nc7 Nxc7 19. dxc7 Qxc7 20. Qe2 Rfd8 21. Rad1 Rxd1 22. Rxd1 Rd8 23. Rxd8+ Qxd8 24. Bf1 h5 25. Bb2 Kh7 26. h4 Qd6 27. Kh2 Bf6 28. Bc1 Qc5 29. Qd2 Bg7 30. Bh3 Bxh3 31. Kxh3 Qd4 32. Kg2 b5 33. Kf3 Nd3 34. Nd1 c5 35. Bb2 Qd7 36. Ke2 c4 37. bxc4 bxc4 38. Ne3 Qb5 39. Bc3 Nb4 40. Nd5 Nc6 41. Qd1 Nd4+ 42. Kf1 Ne6 43. Kg2 Nc5 44. Qc2 a4 45. Bb4 Nd3 46. Bc3 Bf8 47. Qe2 Bg7 48. Qf3 Qb7 49. Kh2 Qa7 50. Kg2 Qb7 51. a3 Kh8 52. Qe3 Qb3 53. Qg5 Qc2 54. Qe3 Kh7 55. Qa7 Kh8 56. Qe3 Kh7 57. Bd2 Kh8 58. Ba5 Kh7 59. Bd8 Qd1 60. Ba5 Qc2 61. Bc3 Kh8 62. Bd2 Kh7 63. Kh2 Kh8 64. Kg2 Kh7 65. Bb4 Kh8 66. Qf3 Kh7 67. Qf7 Nxb4 68. Nf6+ Kh6 69. g4 hxg4 70. h5 1-0

[Event "Regionalliga SO 1415"]
[Site "Bayern"]
[Date "2014.10.19"]
[Round "1.2"]
[White "Maierhofer, Johann"]
[Black "Manakov, Ilya"]
[Result "1/2-1/2"]
[WhiteElo "2134"]
[BlackElo "2347"]
[PlyCount "160"]
[EventDate "2014.10.19"]
[EventType "team-tourn"]
[EventRounds "9"]
[EventCountry "GER"]
[SourceTitle "EXT 2018"]
[Source "ChessBase"]
[SourceDate "2017.10.13"]
[SourceVersion "1"]
[SourceVersionDate "2017.10.13"]
[SourceQuality "1"]
[WhiteTeam "Waldkraiburg"]
[BlackTeam "Tegernsee"]
[WhiteTeamCountry "GER"]
[BlackTeamCountry "GER"]

1. e4 c5 2. c4 Nc6 3. Nc3 d6 4. g3 g6 5. Bg2 Bg7 6. Nge2 Nf6 7. d3 0-0 8. 0-0 Rb8 9. h3 a6 10. f4 Bd7 11. Be3 b5 12. Qd2 Ne8 13. Rac1 Nd4 14. Nd1 f5 15. b3 Nc7 16. Kh2 Nce6 17. Bf2 Kh8 18. Ne3 Nxe2 19. Qxe2 Nd4 20. Qd2 bxc4 21. Nxc4 fxe4 22. dxe4 Bb5 23. Be3 e5 24. g4 exf4 25. Bxf4 Bxc4 26. Bg5 Bf6 27. Bxf6+ Rxf6 28. bxc4 Qe7 29. Rxf6 Qxf6 30. Rf1 Qe7 31. Qf4 Kg7 32. g5 Qe5 33. Qxe5+ dxe5 34. Rf6 Rb2 35. Rxa6 Ne2 36. Ra7+ Kf8 37. Bf3 Nd4+ 38. Kg3 Rc2 39. Bg4 Rxc4 40. Ra8+ Ke7 41. Ra7+ Kf8 42. Ra8+ Ke7 43. Ra7+ Kd8 44. Rxh7 Rc3+ 45. Kf2 Rc2+ 46. Ke3 c4 47. Rd7+ Ke8 48. Ra7 Rc3+ 49. Kd2 Rd3+ 50. Kc1 c3 51. Ra5 Rg3 52. Rxe5+ Kf7 53. Rd5 Nc6 54. a3 Re3 55. Kc2 Rxe4 56. Kxc3 Ne5 57. Kb3 Nxg4 58. hxg4 Ke6 59. Rb5 Rxg4 60. a4 Kd6 61. a5 Rg3+ 62. Kc4 Rg4+ 63. Kd3 Ra4 64. Kc3 Kc6 65. Rb6+ Kc5 66. Ra6 Ra3+ 67. Kb2 Ra4 68. Kb3 Rb4+ 69. Kc3 Ra4 70. Kd3 Kd5 71. Kc3 Kc5 72. Kb3 Rb4+ 73. Ka3 Rb5 74. Ka4 Rb4+ 75. Ka3 Rb5 76. Rxg6 Rxa5+ 77. Kb3 Kd4 78. Kb4 Rd5 79. Rg8 Ke5 80. Kc4 Rd4+ 1/2-1/2

[Event "Stuttgart-chA int"]
[Site "Ditzingen"]
[Date "2013.05.10"]
[Round "3"]
[White "Manakov, Ilya"]
[Black "Wenninger, Philipp"]
[Result "1-0"]
[WhiteElo "2350"]
[BlackElo "2220"]
[PlyCount "97"]
[EventDate "2013.05.09"]
[EventType "swiss"]
[EventRounds "7"]
[EventCountry "GER"]
[SourceTitle "EXT 2014"]
[Source "ChessBase"]
[SourceDate "2013.11.20"]
[SourceVersion "1"]
[SourceVersionDate "2013.11.20"]
[SourceQuality "1"]

1. c4 c6 2. Nf3 d5 3. b3 Nf6 4. Bb2 Bg4 5. e3 Nbd7 6. Be2 e6 7. h3 Bh5 8. d3 Bb4+ 9. Nbd2 Bxf3 10. gxf3 dxc4 11. bxc4 Nc5 12. a3 Ba5 13. Qc2 Qd6 14. Rd1 e5 15. Kf1 0-0 16. Rg1 Qe6 17. Rg5 Qxh3+ 18. Kg1 Qh6 19. Rg3 Nh5 20. Rg2 Rfe8 21. Rh2 Bc7 22. f4 g6 23. Kh1 exf4 24. Rxh5 gxh5 25. Rg1+ Kf8 26. Bg7+ Qxg7 27. Rxg7 Kxg7 28. Qb2+ f6 29. d4 fxe3 30. fxe3 Rxe3 31. Nf1 Rb3 32. Qc2 Rxa3 33. Qf5 Rb3 34. Qxc5 Rg8 35. Qe7+ Kh6 36. Qxc7 Rh3+ 37. Nh2 Rhg3 38. Qf4+ R8g5 39. Qxf6+ Rg6 40. Qf8+ Rg7 41. Qf4+ R7g5 42. Qf6+ Rg6 43. Ng4+ R3xg4 44. Qf8+ Kg5 45. Qe7+ Kh6 46. Bxg4 hxg4 47. d5 b5 48. d6 bxc4 49. d7 1-0

[Event "Staufer op 25th"]
[Site "Schwaebisch Gmuend"]
[Date "2013.01.04"]
[Round "6"]
[White "Manakov, Ilya"]
[Black "Starostits, Ilmars"]
[Result "1/2-1/2"]
[WhiteElo "2345"]
[BlackElo "2468"]
[PlyCount "43"]
[EventDate "2013.01.02"]
[EventType "swiss"]
[EventRounds "9"]
[EventCountry "GER"]
[SourceTitle "CBM 152 Extra"]
[Source "ChessBase"]
[SourceDate "2013.02.25"]
[SourceVersion "1"]
[SourceVersionDate "2013.02.25"]
[SourceQuality "1"]

1. d4 d5 2. Bf4 Nc6 3. e3 Nf6 4. Nf3 Bg4 5. Be2 e6 6. Nbd2 Bd6 7. Bxd6 cxd6 8. h3 Bh5 9. 0-0 0-0 10. c3 Rc8 11. Re1 Ne4 12. Nxe4 dxe4 13. Nd2 Bxe2 14. Qxe2 f5 15. f3 d5 16. fxe4 fxe4 17. Rf1 Qg5 18. Rxf8+ Rxf8 19. Rf1 Ne7 20. Rxf8+ Kxf8 21. Nf1 Nf5 22. c4 1/2-1/2